[Event "DFEM 2003"]
[Site "Altenkirchen"]
[Date "2003.07.29"]
[Round "5"]
[White "Nattermueller, Irina"]
[Black "Ulms, Sandra"]
[Result "0-1"]
[WhiteElo "2166"]
[BlackElo "2155"]
[PlyCount "134"]

1. e4 c5 2. Nf3 d6 3. d4 cxd4 4. Nxd4 Nf6 5. Nc3 g6 6. Be2 Bg7 7. O-O Nc6 8.
Nb3 O-O 9. Bg5 a6 10. Re1 Be6 11. Bf1 Rc8 12. Nd5 Nd7 13. c3 b5 14. Qd2 Re8 15.
Rad1 f6 16. Be3 Nce5 17. f4 Nc4 18. Bxc4 bxc4 19. Nd4 Bg4 20. Rb1 Nc5 21. Bf2
Nd3 22. Rf1 e5 23. fxe5 dxe5 24. Nc2 Be6 25. Nce3 f5 26. b3 fxe4 27. bxc4 Bh6
28. Qc2 Bxd5 29. Nxd5 Rxc4 30. Nb6 Rc6 31. Qa4 Rd6 32. Nc4 Rde6 33. Be3 Bf4 34.
Bf2 Rf8 35. Bg3 Qg5 36. Qd7 Qe7 37. Qd5 Qc5+ 38. Qxc5 Nxc5 39. Rfe1 Rd8 40. Bf2
Nd3 41. Rxe4 Bxh2+ 42. Kxh2 Nxf2 43. Re2 Ng4+ 44. Kh3 h5 45. Kh4 e4 46. Rb7 e3
47. Rc7 Rf8 48. Rb7 Rf2 49. Rbb2 Rf4 50. Na3 Ne5+ 51. Kg3 Rg4+ 52. Kh2 Nd3 53.
Rb8+ Kg7 54. g3 Nc1 55. Re1 e2 56. Rb2 Ra4 57. Nb1 Rae4 58. Nd2 Re3 59. Nc4
Rxc3 60. Nb6 Rd3 61. Rc2 Rd1 62. Rc7+ Kh6 63. Rxc1 Rxc1 64. Rxc1 e1=Q 65. Rxe1
Rxe1 66. Kh3 Re2 67. a4 g5 0-1

[Event "DFEM 2003"]
[Site "Altenkirchen"]
[Date "2003.07.30"]
[Round "6"]
[White "Eckhardt, Claudia"]
[Black "von Herman, Brigitte"]
[Result "1-0"]
[WhiteElo "2186"]
[BlackElo "2054"]
[PlyCount "51"]

1. d4 d5 2. Nf3 c5 3. c4 e6 4. Nc3 Nf6 5. g3 Be7 6. cxd5 exd5 7. Bg2 h6 8. O-O
O-O 9. h3 Nc6 10. Be3 c4 11. Ne5 Bf5 12. g4 Bh7 13. f4 Bb4 14. f5 Bxc3 15. bxc3
Re8 16. Bf4 Re7 17. Qd2 Ne8 18. Rf2 f6 19. Ng6 Bxg6 20. fxg6 Nc7 21. Raf1 Ne8
22. Bxh6 Qd7 23. g5 Rd8 24. Bxg7 Nxg7 25. gxf6 Re6 26. Qh6 1-0

[Event "DFEM 2003"]
[Site "Altenkirchen"]
[Date "2003.07.30"]
[Round "6"]
[White "Berglitz, Regina"]
[Black "Vogel, Heike"]
[Result "1-0"]
[WhiteElo "2076"]
[BlackElo "2162"]
[PlyCount "81"]

1. e4 c6 2. d4 d5 3. exd5 cxd5 4. Bd3 Nc6 5. c3 Nf6 6. Bf4 Bg4 7. Qb3 Na5 8.
Qa4+ Bd7 9. Qc2 Rc8 10. Nf3 e6 11. Nbd2 Qb6 12. O-O Bb5 13. Bxb5+ Qxb5 14. Ne5
Be7 15. Rfe1 Nc4 16. Ndxc4 dxc4 17. Bg5 h6 18. Bh4 g5 19. Bg3 h5 20. h4 Rg8 21.
hxg5 Rxg5 22. Bh4 Rg7 23. Bxf6 Bxf6 24. Qe4 Kf8 25. a4 Qe8 26. Qxb7 Kg8 27. Nd7
Bh4 28. Re4 Bg5 29. f4 Bh4 30. f5 Bg5 31. d5 Rd8 32. dxe6 fxe6 33. fxe6 Qg6 34.
Rae1 Be7 35. Re5 Bd6 36. Qd5 Re8 37. e7+ Kh8 38. Rxh5+ Rh7 39. Qd4+ Kg8 40.
Nf6+ Kf7 41. Rxh7+ 1-0

[Event "DFEM 2003"]
[Site "Altenkirchen"]
[Date "2003.07.30"]
[Round "6"]
[White "Grossmann, Susan"]
[Black "Nattermueller, Irina"]
[Result "1/2-1/2"]
[WhiteElo "1763"]
[BlackElo "2166"]
[PlyCount "51"]

1. e4 c5 2. Nf3 e6 3. d3 Nc6 4. g3 d6 5. Bg2 Nf6 6. O-O Be7 7. b3 O-O 8. Bb2
Re8 9. c4 Rb8 10. Nc3 a6 11. d4 cxd4 12. Nxd4 Qb6 13. Nf3 Qa5 14. Qe2 b5 15.
Rfd1 bxc4 16. Qxc4 Bb7 17. Rac1 Qh5 18. Qe2 Rbc8 19. e5 Nxe5 20. Nxe5 Bxg2 21.
Kxg2 Qxe5 22. Qxa6 Ra8 23. Qd3 d5 24. Rc2 Qb8 25. Rdc1 Ra5 26. Na4 1/2-1/2

[Event "DFEM 2003"]
[Site "Altenkirchen"]
[Date "2003.07.30"]
[Round "6"]
[White "Klein, Annette"]
[Black "Willrodt, Sonja"]
[Result "1-0"]
[WhiteElo "2076"]
[BlackElo "1980"]
[PlyCount "131"]

1. e4 e6 2. d4 d5 3. exd5 Qxd5 4. Nc3 Bb4 5. a3 Bxc3+ 6. bxc3 c5 7. Nf3 Nf6 8.
Be2 Nc6 9. O-O O-O 10. c4 Qd6 11. c3 Rd8 12. Bb2 Ng4 13. h3 Nh6 14. Qc2 Nf5 15.
Rad1 b6 16. Rfe1 Nfe7 17. Bc1 Bb7 18. h4 Rac8 19. Ng5 cxd4 20. Qxh7+ Kf8 21.
Qh8+ Ng8 22. Nh7+ Ke7 23. Bg5+ Kd7 24. Bxd8 Rxd8 25. Qxg7 Kc8 26. Ng5 Qf4 27.
g3 Qf5 28. Qxf7 Qxf7 29. Nxf7 Rd7 30. Ng5 dxc3 31. Rxd7 Kxd7 32. Bg4 Nd4 33.
Bxe6+ Nxe6 34. Nxe6 Kd6 35. Nf4 c2 36. Rc1 Be4 37. Ng2 Kc5 38. Ne3 a5 39. Nxc2
Kxc4 40. Ne3+ Kb3 41. Nc4 b5 42. Nd6 Bd3 43. Rc5 b4 44. axb4 axb4 45. Nb5 Ka4
46. Nd4 b3 47. Nxb3 Kxb3 48. f3 Bc4 49. Kf2 Kc3 50. g4 Kd4 51. Rg5 Nh6 52. Kg3
Nf7 53. Rf5 Be6 54. Ra5 Ne5 55. h5 Bd5 56. f4 Nc6 57. Ra4+ Kc5 58. h6 Bg8 59.
Ra8 Bh7 60. f5 Ne7 61. Rh8 Bxf5 62. gxf5 Nxf5+ 63. Kg4 Nd6 64. Kh5 Kd5 65. Rd8
Ke6 66. Rxd6+ 1-0

[Event "DFEM 2003"]
[Site "Altenkirchen"]
[Date "2003.07.30"]
[Round "6"]
[White "Specht, Maria"]
[Black "Fried, Annika"]
[Result "1-0"]
[WhiteElo "2009"]
[BlackElo "1686"]
[PlyCount "69"]

1. d4 Nf6 2. e3 g6 3. Bd3 Bg7 4. c3 O-O 5. Nf3 d6 6. O-O Nbd7 7. e4 e5 8. h3
Re8 9. dxe5 dxe5 10. Be3 c6 11. Qc2 Qc7 12. Nbd2 Nf8 13. Rfd1 Be6 14. Nf1 Rad8
15. Rd2 b6 16. Ng3 Bc8 17. Rad1 Ne6 18. Bc4 Rxd2 19. Rxd2 Nf4 20. Ng5 Be6 21.
Nxe6 Nxe6 22. Qd1 h5 23. f3 Bf8 24. b4 b5 25. Bb3 a5 26. a3 c5 27. Bxe6 fxe6
28. Bg5 Nh7 29. Rd7 Qb6 30. Rxh7 cxb4+ 31. Kh2 Kxh7 32. Qd7+ Kg8 33. Qxe8 b3
34. Qxg6+ Bg7 35. Nxh5 1-0

[Event "DFEM 2003"]
[Site "Altenkirchen"]
[Date "2003.07.30"]
[Round "6"]
[White "Thiery, Jennifer"]
[Black "Vollak, Marleen"]
[Result "1-0"]
[WhiteElo "1688"]
[BlackElo "1454"]
[PlyCount "45"]

1. e4 c5 2. Nf3 e6 3. d4 cxd4 4. Nxd4 Nc6 5. Nc3 Qc7 6. Be2 a6 7. O-O Nf6 8.
Bg5 Be7 9. Qd2 b5 10. a3 O-O 11. Rad1 Rb8 12. Nb3 Rd8 13. f4 e5 14. fxe5 Nxe5
15. Bxf6 Bxf6 16. Nd5 Qa7+ 17. Kh1 Bb7 18. Nxf6+ gxf6 19. Rxf6 Rbc8 20. Qg5+
Ng6 21. Bd3 Re8 22. Rdf1 Re7 23. Rxg6+ 1-0

[Event "DFEM 2003"]
[Site "Altenkirchen"]
[Date "2003.07.30"]
[Round "6"]
[White "Dietzen, Corinna"]
[Black "Lorenz, Oda"]
[Result "0-1"]
[WhiteElo "1643"]
[BlackElo "1962"]
[PlyCount "72"]

1. c4 Nf6 2. Nc3 g6 3. g3 Bg7 4. Bg2 O-O 5. d4 d6 6. e3 Nbd7 7. Nge2 c5 8. O-O
cxd4 9. Nxd4 Ne5 10. b3 Rb8 11. Bb2 Bg4 12. Qc2 Qd7 13. Rac1 Bh3 14. Rfd1 Bxg2
15. Kxg2 Nc6 16. Nce2 Nb4 17. Qb1 e5 18. Nb5 Qc6+ 19. Kg1 Qf3 20. Nec3 Ng4 21.
Rf1 Bh6 22. Qe4 Qxe4 23. Nxe4 d5 24. cxd5 Nxd5 25. Kh1 f5 26. Nc5 Rfc8 27. Nd7
Rxc1 28. Bxc1 Rc8 29. Kg1 Rc2 30. Na3 Rxa2 31. h3 Ngxe3 32. fxe3 Nc3 33. Bd2
Rxd2 34. Nc4 Rxd7 35. Nxe5 Rd2 36. Rf3 Rb2 0-1

[Event "DFEM 2003"]
[Site "Altenkirchen"]
[Date "2003.07.30"]
[Round "6"]
[White "Wraga, Teresa"]
[Black "Storkebaum, Ulrike"]
[Result "1/2-1/2"]
[WhiteElo "1563"]
[BlackElo "1747"]
[PlyCount "81"]

1. e4 e5 2. Nc3 Bc5 3. g3 Nc6 4. Bg2 Nf6 5. Nge2 O-O 6. O-O a6 7. d3 d6 8. Bg5
h6 9. Bd2 Be6 10. h3 Nh7 11. Kh2 f5 12. f4 Qd7 13. exf5 Bxf5 14. Nd5 exf4 15.
Nexf4 Nf6 16. Nxf6+ Rxf6 17. Bc3 Rff8 18. Bd5+ Kh7 19. g4 Ne7 20. gxf5 Nxd5 21.
Nxd5 c6 22. d4 cxd5 23. dxc5 dxc5 24. Qh5 Qd6+ 25. Kh1 d4 26. Bd2 Rad8 27. Rae1
Qd5+ 28. Kh2 Rd6 29. Re7 Rdf6 30. Rfe1 Qd6+ 31. Kh1 Rxf5 32. Qg4 Rf1+ 33. Rxf1
Rxf1+ 34. Kg2 Qxe7 35. Kxf1 Qf7+ 36. Kg2 Qe7 37. Qf5+ Kg8 38. Qf3 Qd7 39. Qg4
Qc6+ 40. Kg3 b5 41. Bf4 1/2-1/2

[Event "DFEM 2003"]
[Site "Altenkirchen"]
[Date "2003.07.30"]
[Round "6"]
[White "Meier, Annemarie Sylvia"]
[Black "Hund, Isabel"]
[Result "1-0"]
[WhiteElo "2267"]
[BlackElo "2091"]
[PlyCount "59"]

1. d4 Nf6 2. c4 g6 3. Nc3 Bg7 4. e4 d6 5. f4 O-O 6. Nf3 c5 7. dxc5 Qa5 8. Bd3
Qxc5 9. Qe2 e6 10. Be3 Qa5 11. O-O Ng4 12. Bd2 Na6 13. h3 Nh6 14. a3 Qd8 15. b4
Nc7 16. Rad1 f5 17. Bc2 Nf7 18. c5 dxc5 19. Be3 Bd4 20. Nxd4 cxd4 21. Bxd4 Qh4
22. Bb3 b6 23. exf5 gxf5 24. Qc4 Qe7 25. Rf3 h5 26. Rg3+ Kh7 27. Rg7+ Kh6 28.
g4 hxg4 29. hxg4 Rg8 30. g5+ 1-0

[Event "DFEM 2003"]
[Site "Altenkirchen"]
[Date "2003.07.30"]
[Round "6"]
[White "Ulms, Sandra"]
[Black "Liebs, Hannelore"]
[Result "0-1"]
[WhiteElo "2155"]
[BlackElo "2109"]
[PlyCount "98"]

1. d4 d5 2. Nf3 Nc6 3. Bf4 Nf6 4. h3 Ne4 5. e3 e6 6. c3 Bd6 7. Nbd2 Bxf4 8.
exf4 Nd6 9. Bd3 Nf5 10. Qe2 Nce7 11. g4 Nd6 12. O-O-O c6 13. Qe5 f6 14. Qh5+
Kd7 15. Rhe1 Kc7 16. Re2 Bd7 17. Rde1 Be8 18. Qh4 Bf7 19. f5 Kb6 20. c4 dxc4
21. Nxc4+ Nxc4 22. Bxc4 Qd6 23. Bxe6 Bxe6 24. Rxe6 Qf4+ 25. Nd2 Nxf5 26. gxf5
Qxh4 27. Nc4+ Ka6 28. R1e3 Qf4 29. Kb1 Qxd4 30. Ra3+ Kb5 31. Nd6+ Kb6 32. Rb3+
Kc7 33. Rxb7+ Kd8 34. b3 Qd1+ 35. Kb2 Qd2+ 36. Kb1 Qd3+ 37. Kb2 Qd4+ 38. Kb1
Qd1+ 39. Kb2 Qd2+ 40. Kb1 Qd3+ 41. Kb2 a5 42. Nf7+ Kc8 43. Ree7 Qd2+ 44. Kb1
Qf4 45. Nxh8 a4 46. Nf7 Qxf5+ 47. Kc1 Qf4+ 48. Kb1 Ra5 49. bxa4 Rc5 0-1

[Event "DFEM 2003"]
[Site "Altenkirchen"]
[Date "2003.07.31"]
[Round "7"]
[White "Hund, Isabel"]
[Black "Berglitz, Regina"]
[Result "1/2-1/2"]
[WhiteElo "2091"]
[BlackElo "2076"]
[PlyCount "31"]

1. d4 d5 2. Nf3 Nf6 3. Bf4 g6 4. e3 Bg7 5. h3 Nbd7 6. Bd3 O-O 7. O-O Ne4 8.
Nbd2 Ndf6 9. c3 c6 10. Qc2 Bf5 11. Rfe1 Nxd2 12. Qxd2 Bxd3 13. Qxd3 Rc8 14.
Rad1 Re8 15. Nd2 Qa5 16. Qb1 1/2-1/2

[Event "DFEM 2003"]
[Site "Altenkirchen"]
[Date "2003.07.31"]
[Round "7"]
[White "Thiery, Jennifer"]
[Black "Wraga, Teresa"]
[Result "0-1"]
[WhiteElo "1688"]
[BlackElo "1563"]
[PlyCount "44"]

1. e4 d6 2. d4 Nf6 3. Nc3 g6 4. f4 Bg7 5. Nf3 c5 6. Bb5+ Bd7 7. e5 Ng4 8. e6
fxe6 9. Ng5 Bxb5 10. Nxb5 Qa5+ 11. c3 Qxb5 12. Qxg4 Qd7 13. Nxh7 Kf7 14. Ng5+
Kf6 15. d5 exd5 16. Qf3 e6 17. O-O Nc6 18. g4 Ke7 19. Re1 e5 20. Qxd5 Qxg4+ 21.
Kh1 Rxh2+ 22. Kxh2 Rh8+ 0-1

[Event "DFEM 2003"]
[Site "Altenkirchen"]
[Date "2003.07.31"]
[Round "7"]
[White "Lorenz, Oda"]
[Black "Ulms, Sandra"]
[Result "1-0"]
[WhiteElo "1962"]
[BlackElo "2155"]
[PlyCount "59"]

1. e4 c5 2. d4 cxd4 3. c3 d3 4. Bxd3 Nc6 5. Nf3 d6 6. O-O g6 7. Bc4 Nf6 8. Re1
Bg4 9. Qb3 Qc8 10. Bxf7+ Kd8 11. Ng5 Ne5 12. f3 Kc7 13. fxg4 Qxg4 14. Na3 h6
15. Ne6+ Kb8 16. Nd8 b6 17. Rf1 Qxe4 18. Bf4 Nd3 19. Qc4 Qxc4 20. Nxc4 g5 21.
Bxd6+ Kc8 22. Ne6 exd6 23. Rxf6 d5 24. Nxf8 Rxf8 25. Raf1 Nf4 26. Ne5 Kc7 27.
Rc6+ Kb7 28. Rxh6 Rad8 29. Rh7 Ka6 30. g3 1-0

[Event "DFEM 2003"]
[Site "Altenkirchen"]
[Date "2003.07.31"]
[Round "7"]
[White "Vollak, Marleen"]
[Black "Dietzen, Corinna"]
[Result "1/2-1/2"]
[WhiteElo "1454"]
[BlackElo "1643"]
[PlyCount "79"]

1. d4 Nf6 2. Nf3 b6 3. Bg5 e6 4. e4 h6 5. Bxf6 Qxf6 6. Bd3 Bb7 7. Nbd2 Nc6 8.
c3 Qd8 9. O-O Be7 10. d5 Nb8 11. dxe6 fxe6 12. Ne5 O-O 13. Ng6 Rf7 14. Nxe7+
Qxe7 15. e5 Qg5 16. Ne4 Qxe5 17. Re1 Qf4 18. Qc2 Nc6 19. g3 Qg4 20. f4 e5 21.
Bc4 Raf8 22. Bxf7+ Rxf7 23. Nf2 Qe6 24. b3 Qd5 25. Qe4 Qxe4 26. Rxe4 Nd4 27.
cxd4 Bxe4 28. Nxe4 exf4 29. Rc1 fxg3 30. Nxg3 c6 31. Rf1 Rxf1+ 32. Kxf1 Kf7 33.
Ne4 Ke6 34. Ke2 Kf5 35. Nd6+ Kf4 36. Nc8 Ke4 37. Nxa7 Kxd4 38. Kd2 b5 39. Nc8
g5 40. Ne7 1/2-1/2

[Event "DFEM 2003"]
[Site "Altenkirchen"]
[Date "2003.07.31"]
[Round "7"]
[White "Liebs, Hannelore"]
[Black "Meier, Annemarie Sylvia"]
[Result "0-1"]
[WhiteElo "2109"]
[BlackElo "2267"]
[PlyCount "80"]

1. d4 Nf6 2. Nc3 d5 3. Bg5 Nbd7 4. Qd3 c6 5. e4 Nxe4 6. Nxe4 dxe4 7. Qxe4 Qa5+
8. Bd2 Qb6 9. O-O-O Nf6 10. Qe1 a5 11. c4 Bf5 12. Qe5 e6 13. c5 Qa7 14. f3 h5
15. Re1 Be7 16. Bc4 b6 17. Nh3 Nd7 18. Qf4 b5 19. g4 hxg4 20. fxg4 bxc4 21.
gxf5 Rxh3 22. fxe6 Nf6 23. Rhg1 Rh7 24. Qf3 Qb7 25. exf7+ Kxf7 26. Qf5 Rb8 27.
Bc3 Qd7 28. Qg6+ Kg8 29. d5 Rf8 30. dxc6 Qa7 31. Rgf1 Qxc5 32. Bxf6 Bxf6 33.
Rxf6 Rxf6 34. Re8+ Rf8 35. Qe6+ Kh8 36. Qf7 Qg1+ 37. Kd2 Rxh2+ 38. Kc3 Qc1+ 39.
Kd4 Qxb2+ 40. Kd5 Qd2+ 0-1

[Event "DFEM 2003"]
[Site "Altenkirchen"]
[Date "2003.07.31"]
[Round "7"]
[White "Fuchs, Antje"]
[Black "Klein, Annette"]
[Result "1-0"]
[WhiteElo "2103"]
[BlackElo "2076"]
[PlyCount "97"]

1. Nf3 e6 2. d4 Nf6 3. Bg5 Be7 4. e3 b6 5. Nbd2 Bb7 6. Bd3 c5 7. c3 d5 8. Ne5
a6 9. O-O Nbd7 10. f4 O-O 11. Rf3 Ne4 12. Bxe7 Qxe7 13. Nxd7 Qxd7 14. Rh3 g6
15. Nf3 f6 16. Nh4 Rae8 17. dxc5 Qc7 18. cxb6 Qxb6 19. Nxg6 hxg6 20. Bxe4 f5
21. Bc2 Kg7 22. Qd4+ Qxd4 23. exd4 Bc6 24. a4 Rb8 25. b4 Rf7 26. Bd3 Ra7 27. a5
Rc8 28. Re1 Bd7 29. Bf1 Rcc7 30. Ree3 Bc8 31. Rh4 Kf6 32. Reh3 Rc6 33. Rh6 Rac7
34. Rg3 Rxc3 35. Rhxg6+ Ke7 36. h4 Rc1 37. h5 Kd6 38. h6 Rh7 39. Rh3 Rcc7 40.
Be2 Rce7 41. Rc3 Bb7 42. Kf2 Rd7 43. b5 axb5 44. Bxb5 Rde7 45. a6 Ba8 46. Rg8
Ra7 47. Rcc8 Bb7 48. Rgd8+ Ke7 49. Rd7+ 1-0

[Event "DFEM 2003"]
[Site "Altenkirchen"]
[Date "2003.07.31"]
[Round "7"]
[White "Fried, Annika"]
[Black "Storkebaum, Ulrike"]
[Result "1/2-1/2"]
[WhiteElo "1686"]
[BlackElo "1747"]
[PlyCount "85"]

1. e4 e5 2. Nf3 Nc6 3. d4 exd4 4. Nxd4 Bc5 5. Be3 Qf6 6. c3 Nge7 7. Bc4 d6 8.
O-O O-O 9. Kh1 Ne5 10. Be2 Qg6 11. Bh5 Qxe4 12. Nd2 Qd5 13. f4 Bxd4 14. Bxd4
N5c6 15. Bf3 Qa5 16. Bf2 Qf5 17. Be4 Qxf4 18. Bxa7 Qh6 19. Bf2 Be6 20. Qe2 f5
21. Be3 Qg6 22. Bf3 Bd5 23. Bxd5+ Nxd5 24. Bg1 Ne5 25. c4 Nb4 26. a3 Nbd3 27.
c5 Rae8 28. cxd6 Qxd6 29. Nf3 Nc4 30. Qc2 Ne3 31. Bxe3 Rxe3 32. Qb3+ Kh8 33.
Qxb7 Ne5 34. Rad1 Qb6 35. Qxb6 cxb6 36. Nxe5 Rxe5 37. Kg1 Kg8 38. Rf2 Rfe8 39.
g3 g6 40. Kf1 b5 41. Rfd2 R8e7 42. Rd5 Kf7 43. Rd7 1/2-1/2

[Event "DFEM 2003"]
[Site "Altenkirchen"]
[Date "2003.07.31"]
[Round "7"]
[White "Willrodt, Sonja"]
[Black "Grossmann, Susan"]
[Result "0-1"]
[WhiteElo "1980"]
[BlackElo "1763"]
[PlyCount "124"]

1. Nf3 Nf6 2. g3 g6 3. Bg2 Bg7 4. O-O O-O 5. d4 d6 6. Nbd2 Nfd7 7. e4 c6 8. c3
e5 9. Nc4 Qc7 10. dxe5 dxe5 11. Be3 Nb6 12. Qd6 Qxd6 13. Nxd6 Na6 14. Bxb6 axb6
15. Nc4 b5 16. Ncxe5 Re8 17. Nd3 Rxe4 18. Nd4 Re7 19. Nb3 Be6 20. Rfe1 Rd7 21.
Ndc5 Nxc5 22. Nxc5 Rd2 23. Nxe6 fxe6 24. Bh3 Rxb2 25. Bxe6+ Kh8 26. Re3 Rf8 27.
Rf1 Rc2 28. Rd3 Rxc3 29. Rfd1 Rxd3 30. Rxd3 c5 31. f4 Bd4+ 32. Kf1 Kg7 33. Bd7
b4 34. a3 bxa3 35. Rxa3 Rf7 36. Be6 Rc7 37. Bc4 Kf6 38. Ke2 Ke7 39. Rb3 Kd8 40.
h3 Re7+ 41. Kf3 Kc7 42. g4 h6 43. f5 g5 44. Be6 Kc6 45. Bc4 Re1 46. Bb5+ Kc7
47. Be2 b6 48. Bb5 Kd6 49. Bc4 Rc1 50. Be6 Rc3+ 51. Rxc3 Bxc3 52. Ke4 b5 53.
Kd3 Bf6 54. Ke4 c4 55. Bf7 Kc5 56. Ke3 b4 57. Kd2 b3 58. Kc1 Kb4 59. Bd5 c3 60.
Be4 c2 61. Bxc2 bxc2 62. Kxc2 Kc4 0-1

[Event "DFEM 2003"]
[Site "Altenkirchen"]
[Date "2003.07.31"]
[Round "7"]
[White "Vogel, Heike"]
[Black "Specht, Maria"]
[Result "1-0"]
[WhiteElo "2162"]
[BlackElo "2009"]
[PlyCount "115"]

1. d4 Nf6 2. Nf3 d5 3. Bf4 e6 4. Nbd2 c5 5. e3 Nc6 6. c3 Bd6 7. Bd3 cxd4 8.
cxd4 Bxf4 9. exf4 Bd7 10. O-O O-O 11. Rc1 Nb4 12. Bb1 Bb5 13. Re1 Nd3 14. Bxd3
Bxd3 15. Ne5 Ba6 16. Re3 Qb6 17. Nb3 Rac8 18. Rec3 Rxc3 19. Rxc3 Ne4 20. Rc2
Bb5 21. f3 Nd6 22. Nc5 Rc8 23. a4 Be8 24. Qd2 Qd8 25. b3 b6 26. Na6 b5 27. axb5
Rxc2 28. Qxc2 Nxb5 29. Qd2 Qb6 30. Nc5 Qc7 31. g3 Qd6 32. Kf2 f6 33. Ng4 h5 34.
Ne3 e5 35. Nf5 Qb6 36. fxe5 fxe5 37. Qg5 Qf6 38. Qxf6 gxf6 39. dxe5 fxe5 40.
Ne7+ Kh8 41. Nxd5 Bf7 42. Nf6 Nd4 43. b4 Kg7 44. Nfd7 Nc6 45. Nd3 e4 46. fxe4
Bg6 47. Ke3 Be8 48. N7e5 Nd8 49. Nc5 Kf6 50. Kf4 Bb5 51. h3 Be8 52. g4 hxg4 53.
hxg4 Ne6+ 54. Nxe6 Kxe6 55. g5 Bb5 56. Nf3 Be8 57. Nd4+ Kf7 58. Ke5 1-0

[Event "DFEM 2003"]
[Site "Altenkirchen"]
[Date "2003.07.31"]
[Round "7"]
[White "Nattermueller, Irina"]
[Black "Eckhardt, Claudia"]
[Result "1/2-1/2"]
[WhiteElo "2166"]
[BlackElo "2186"]
[PlyCount "112"]

1. e4 c5 2. Nf3 e6 3. d4 cxd4 4. Nxd4 Nf6 5. Nc3 d6 6. Bc4 a6 7. O-O b5 8. Bb3
Bb7 9. Re1 Be7 10. Bxe6 fxe6 11. Nxe6 Qd7 12. Nxg7+ Kf7 13. Nf5 Rg8 14. Nh6+
Kf8 15. Nxg8 Kxg8 16. Nd5 Bxd5 17. exd5 Bf8 18. Re6 Qf7 19. Bg5 Nbd7 20. Bxf6
Nxf6 21. Qf3 Nd7 22. Qg3+ Qg7 23. Qxg7+ Kxg7 24. Re2 Nb6 25. Rd1 Rc8 26. b3 Kf7
27. f4 Rc5 28. Red2 Bg7 29. g3 Bc3 30. Rd3 Bf6 31. Kg2 Rxc2+ 32. R1d2 Rc5 33.
Kf3 Bc3 34. Rd1 Nd7 35. g4 b4 36. g5 Ra5 37. a4 Rc5 38. Re3 Nf8 39. h4 Rc7 40.
h5 Rb7 41. Kg4 Rc7 42. Kf5 Rb7 43. Re4 Rc7 44. Kg4 Rc8 45. f5 Nd7 46. Re6 Be5
47. g6+ Kg8 48. h6 Nf6+ 49. Kh4 Rc2 50. Rh1 hxg6 51. fxg6 Rg2 52. h7+ Kh8 53.
g7+ Rxg7 54. Rf1 Rg4+ 55. Kh3 Rg3+ 56. Kh4 Rg4+ 1/2-1/2

[Event "DFEM 2003"]
[Site "Altenkirchen"]
[Date "2003.07.31"]
[Round "7"]
[White "von Herman, Brigitte"]
[Black "Skibbe, Diana"]
[Result "0-1"]
[WhiteElo "2054"]
[BlackElo "2105"]
[PlyCount "158"]

1. e4 e5 2. Nf3 Nc6 3. Bb5 a6 4. Ba4 Nf6 5. Qe2 Be7 6. O-O b5 7. Bb3 O-O 8. c3
d6 9. d4 Bg4 10. Rd1 Qc8 11. h3 Bh5 12. Bg5 Na5 13. Bc2 Bxf3 14. Qxf3 c5 15.
dxe5 dxe5 16. Nd2 Nc6 17. Nf1 Nd7 18. Be3 Re8 19. Ng3 g6 20. Nf1 Bf8 21. Bg5
Bg7 22. Nh2 h6 23. Be3 f6 24. Qg4 Nf8 25. Bxc5 Kh7 26. Bxf8 Rxf8 27. Rd7 h5 28.
Qd1 Nb8 29. Rd5 Ra7 30. Nf1 Rc7 31. Ne3 Rff7 32. Qd3 Nc6 33. Rd1 b4 34. Bb3 Bf8
35. Nc4 Qa8 36. Qe3 bxc3 37. bxc3 Qa7 38. Qxa7 Nxa7 39. Ra5 Nb5 40. Rxa6 Nxc3
41. Re1 Bc5 42. Ne3 Bxe3 43. Rxe3 Rf8 44. f3 Nb5 45. Re1 Nd4 46. Bd5 Rc2 47.
Ra7+ Kh6 48. Rb1 Kg5 49. Rab7 Kf4 50. Bb3 Nxb3 51. R7xb3 Rxa2 52. R3b2 Rxb2 53.
Rxb2 Kg3 54. Rb3 h4 55. Ra3 Rb8 56. f4+ Kxf4 57. Rf3+ Kg5 58. Re3 Rb2 59. Kf1
Kf4 60. Rf3+ Kxe4 61. Rxf6 g5 62. Rf3 Rd2 63. Rf8 Rd5 64. Ke2 Kd4 65. Rf5 e4
66. Rf8 Ke5 67. Ke3 Rd3+ 68. Kf2 Rd2+ 69. Ke3 Rxg2 70. Re8+ Kf6 71. Rf8+ Kg7
72. Rf5 Kg6 73. Kxe4 Re2+ 74. Kf3 Kxf5 75. Kxe2 Ke4 76. Kf2 Kf4 77. Kg2 Ke3 78.
Kg1 Kf3 79. Kh2 Kf2 0-1

[Event "DFEM 2003"]
[Site "Altenkirchen"]
[Date "2003.08.01"]
[Round "8"]
[White "Meier, Annemarie Sylvia"]
[Black "Vogel, Heike"]
[Result "1-0"]
[WhiteElo "2267"]
[BlackElo "2162"]
[PlyCount "77"]

1. c4 e5 2. Nc3 g6 3. d4 Bg7 4. dxe5 Bxe5 5. Qd2 d6 6. g3 Ne7 7. Bg2 Nbc6 8. b3
Be6 9. Bb2 f5 10. h4 Rf8 11. Nh3 Qd7 12. Nf4 O-O-O 13. O-O-O Bg8 14. Kb1 Rde8
15. e3 h6 16. Na4 Rf6 17. Nc5 Qd8 18. Nxb7 Kxb7 19. Bxe5 dxe5 20. Qb4+ Kc8 21.
Rxd8+ Rxd8 22. Qc3 Rfd6 23. Bxc6 exf4 24. Bf3 fxg3 25. fxg3 g5 26. hxg5 hxg5
27. Qg7 g4 28. Bxg4 R6d7 29. Bf3 Nd5 30. Qe5 Re7 31. Qxf5+ Be6 32. Qh5 Bf7 33.
Qg4+ Be6 34. Qd4 Bf5+ 35. Kc1 Nb4 36. Rh8 Nd3+ 37. Kd2 Red7 38. Rxd8+ Rxd8 39.
Bb7+ 1-0

[Event "DFEM 2003"]
[Site "Altenkirchen"]
[Date "2003.08.01"]
[Round "8"]
[White "Ulms, Sandra"]
[Black "Thiery, Jennifer"]
[Result "1-0"]
[WhiteElo "2155"]
[BlackElo "1688"]
[PlyCount "53"]

1. d4 d5 2. Nf3 Nf6 3. c4 c6 4. Nc3 e6 5. Bg5 Nbd7 6. e3 Bd6 7. Rc1 O-O 8. cxd5
exd5 9. Bd3 Re8 10. O-O Nb6 11. h3 Be6 12. Ne5 Be7 13. Qc2 h6 14. Bh4 Nfd7 15.
Bxe7 Qxe7 16. f4 Nxe5 17. fxe5 Qg5 18. Rf3 Nd7 19. e4 Qh4 20. Rcf1 dxe4 21.
Nxe4 Rf8 22. b3 Nb6 23. Rf4 Qe7 24. Qf2 Rae8 25. Nf6+ Kh8 26. Rh4 Nd5 27. Qd2
1-0

[Event "DFEM 2003"]
[Site "Altenkirchen"]
[Date "2003.08.01"]
[Round "8"]
[White "Grossmann, Susan"]
[Black "Liebs, Hannelore"]
[Result "1-0"]
[WhiteElo "1763"]
[BlackElo "2109"]
[PlyCount "63"]

1. e4 g6 2. d4 d6 3. Nc3 Bg7 4. Bg5 Nf6 5. e5 dxe5 6. dxe5 Qxd1+ 7. Rxd1 Nfd7
8. Nd5 Bxe5 9. Nf3 Bd6 10. Bxe7 Bxe7 11. Nxc7+ Kd8 12. Nxa8 Re8 13. Bc4 Bb4+
14. Kf1 b6 15. a3 Bc5 16. b4 Bf8 17. Bxf7 Bb7 18. Bxe8 Kxe8 19. Nc7+ Kf7 20.
Ke2 Bh6 21. c4 Be4 22. Nd5 Bc2 23. Ra1 Bg7 24. Rac1 Bb3 25. Ne3 Nc6 26. Rhe1
Nde5 27. Nxe5+ Bxe5 28. f4 Bf6 29. Kd3 g5 30. Ng4 gxf4 31. Nxf6 Kxf6 32. Rb1
1-0

[Event "DFEM 2003"]
[Site "Altenkirchen"]
[Date "2003.08.01"]
[Round "8"]
[White "Klein, Annette"]
[Black "Fried, Annika"]
[Result "1/2-1/2"]
[WhiteElo "2076"]
[BlackElo "1686"]
[PlyCount "20"]

1. e4 g6 2. d4 Bg7 3. Nc3 d6 4. f4 Nf6 5. Nf3 O-O 6. Bd3 Nbd7 7. O-O c5 8. d5
Rb8 9. a4 b6 10. Qe2 Bb7 1/2-1/2

[Event "DFEM 2003"]
[Site "Altenkirchen"]
[Date "2003.08.01"]
[Round "8"]
[White "Dietzen, Corinna"]
[Black "Willrodt, Sonja"]
[Result "1-0"]
[WhiteElo "1643"]
[BlackElo "1980"]
[PlyCount "65"]

1. c4 c5 2. Nc3 Nf6 3. g3 d5 4. cxd5 Nxd5 5. Bg2 Nc7 6. Qb3 Nd7 7. Nf3 e6 8.
O-O Be7 9. d3 O-O 10. Bf4 Nf6 11. Rac1 Nfd5 12. Bd2 Rb8 13. Ne4 b6 14. Nxc5
Bxc5 15. Rxc5 Bb7 16. Rc2 Ne7 17. Bf4 Rc8 18. Rfc1 Ncd5 19. Rxc8 Nxc8 20. Bd2
Nce7 21. Nd4 Qd7 22. Qb5 Qd6 23. e4 Nc7 24. Qc4 Na6 25. Nb5 Qb8 26. d4 Nc6 27.
e5 Na5 28. Bxa5 Rc8 29. Qf1 Rxc1 30. Qxc1 Bxg2 31. Bxb6 Qa8 32. Nxa7 Nb8 33.
Qc8# 1-0

[Event "DFEM 2003"]
[Site "Altenkirchen"]
[Date "2003.08.01"]
[Round "8"]
[White "Berglitz, Regina"]
[Black "Eckhardt, Claudia"]
[Result "1/2-1/2"]
[WhiteElo "2076"]
[BlackElo "2186"]
[PlyCount "41"]

1. e4 c5 2. c3 Nf6 3. e5 Nd5 4. d4 cxd4 5. cxd4 e6 6. Nf3 b6 7. Bd3 Be7 8. O-O
Bb7 9. Nbd2 f5 10. exf6 Nxf6 11. Re1 O-O 12. Nc4 Nc6 13. Bg5 Nd5 14. Bxe7 Qxe7
15. Rc1 Rad8 16. Be4 Nf6 17. Bb1 Nb4 18. a3 Nbd5 19. Nce5 Qe8 20. Ng5 g6 21.
Qd2 1/2-1/2